Normal view
MARC view
- Hest, Amy, Rockwell, Lizzy
Entry Personal Name
001 - CONTROL NUMBER
- control field: 65191
003 - CONTROL NUMBER IDENTIFIER
- control field: NUST
005 - DATE AND TIME OF LATEST TRANSACTION
- control field: 20210628203409.0
008 - FIXED-LENGTH DATA ELEMENTS
- fixed length control field: 210628|| aca||aabn | a|a d
040 ## - CATALOGING SOURCE
- Original cataloging agency: NUST
- Transcribing agency: NUST
100 ## - HEADING--PERSONAL NAME
- Personal name: Hest, Amy, Rockwell, Lizzy
670 ## - SOURCE DATA FOUND
- Source citation: Work cat.: (NUST): Hest, Amy, Rockwell, Lizzy, A story of sailor, 1990
